The desktop guide to complementary and alternative medicine : (Record no. 4667)

MARC details
000 -LEADER
fixed length control field 01015cam a22002654a 4500
001 - CONTROL NUMBER
control field 14985651
003 - CONTROL NUMBER IDENTIFIER
control field OSt
005 - DATE AND TIME OF LATEST TRANSACTION
control field 20160707170410.0
008 - FIXED-LENGTH DATA ELEMENTS--GENERAL INFORMATION
fixed length control field 070829s2001 stka bf 001 0 eng
010 ## - LIBRARY OF CONGRESS CONTROL NUMBER
LC control number 2007279172
020 ## - INTERNATIONAL STANDARD BOOK NUMBER
International Standard Book Number 0723432074
020 ## - INTERNATIONAL STANDARD BOOK NUMBER
International Standard Book Number 9780723432074
040 ## - CATALOGING SOURCE
Original cataloging agency DLC
Transcribing agency DLC
Modifying agency DLC
082 ## - DEWEY DECIMAL CLASSIFICATION NUMBER
Classification number WB 100
Item number T34m 2001
245 04 - TITLE STATEMENT
Title The desktop guide to complementary and alternative medicine :
Remainder of title an evidence-based approach /
Statement of responsibility, etc. editor, Edzard Ernst ... [et al.].
260 ## - PUBLICATION, DISTRIBUTION, ETC. (IMPRINT)
Place of publication, distribution, etc. Edinburgh ;
-- New York :
Name of publisher, distributor, etc. Mosby,
Date of publication, distribution, etc. 2001.
300 ## - PHYSICAL DESCRIPTION
Extent xv, 444 p. :
Other physical details ill. ;
Dimensions 24 cm. +
Accompanying material 1 CD-ROM (4 3/4 in.)
504 ## - BIBLIOGRAPHY, ETC. NOTE
Bibliography, etc Includes bibliographical references and index.
650 #0 - SUBJECT ADDED ENTRY--TOPICAL TERM
Topical term or geographic name as entry element Alternative medicine
Form subdivision Handbooks, manuals, etc.
9 (RLIN) 10038
650 #0 - SUBJECT ADDED ENTRY--TOPICAL TERM
Topical term or geographic name as entry element Evidence-based medicine
Form subdivision Handbooks, manuals, etc.
9 (RLIN) 3768
700 1# - ADDED ENTRY--PERSONAL NAME
Personal name Ernst, E.
9 (RLIN) 10039
906 ## - LOCAL DATA ELEMENT F, LDF (RLIN)
a 7
b cbc
c origres
d 2
e ncip
f 20
g y-gencatlg
942 ## - ADDED ENTRY ELEMENTS (KOHA)
Source of classification or shelving scheme Other/Generic Classification Scheme
Koha item type Open Shelf
Holdings
Withdrawn status Lost status Source of classification or shelving scheme Damaged status Not for loan Home library Current library Date acquired Source of acquisition Inventory number Total Checkouts Full call number Barcode Date last seen Price effective from Koha item type
    Other/Generic Classification Scheme     MUST Main Library MUST Main Library 07/07/2016   2009/31206   WB 100 T34m 2001 2016-3057 07/07/2016 07/07/2016 Open Shelf